=LDR 00000nam 2200000 4500 =001 INLIS000000000013501 =005 20130612104902 =008 ***********************************ind** =035 ##$$0010-061300000013501 =041 ##$$a ind =082 ##$$a 813 =090 ##$$a 813, Jay d =100 ##$$a Jaya, Paeris =245 ##$$a di jemput malaikat, Paeris Jaya =260 ##$$a 2003 $b Bandung =300 ##$$a 156 hlm, Ilus, 19 cm =650 ##$$a kumpulan cerpen =850 ##$$a NBPNMAT